| 000 | 00779nam a2200217 a 4500 | ||
|---|---|---|---|
| 001 | 14149 | ||
| 003 | BD-JhCC | ||
| 005 | 20250130094232.0 | ||
| 008 | 250130b2023 b |||| ||a| 000 0 b d | ||
| 035 | _a(BD-JhCC)14149 | ||
| 040 |
_aBD-JhCC _dBD-JhCC |
||
| 041 | _aBengali | ||
| 082 |
_a693.82 _bALM 2023 |
||
| 100 | _a আলম,প্রকৌশলী মোঃ শাহজাহান | ||
| 245 |
_aআগুন গতিবিদ্যা ও নিরাপত্তা কৌশল / _cপ্রকৌশলী মোঃ শাহজাহান আলম। |
||
| 260 |
_aঢাকা: _bরাহবার পাবলিকেশন; _c2023. |
||
| 300 |
_a156 p. : _bill; _c22 cm |
||
| 651 | _aBuilding Fire Safety & Prevention. | ||
| 942 |
_2ddc _cBK |
||
| 999 |
_c14149 _d14149 |
||